| 000 | 00418nam a2200133Ia 4500 | ||
|---|---|---|---|
| 008 | 250110s9999 xx 000 0 und d | ||
| 041 | _aeng | ||
| 100 |
_aHurpade Pratiksha _9184145 |
||
| 245 | _aLandscape Master Plan Proposal For Mahalaxmi Park Auroville | ||
| 260 |
_bBNCA M.Arch. Landscape Architecture _c2020 |
||
| 300 | _a74p | ||
| 500 | _aLandscape Architeture | ||
| 700 |
_aGuide Name:Khatavkar Anupama _9211010 |
||
| 999 |
_c364714 _d364714 |
||